| 000 | 00328 a2200133 4500 | ||
|---|---|---|---|
| 082 | _a346.9082 | ||
| 090 |
_c1036 _d1036 |
||
| 100 | _aPakistan Law House | ||
| 245 |
_abanking laws _cPakistan Law House |
||
| 260 |
_aKarachi _bZaki Sons, Karachi _c1999 |
||
| 300 | _a201 | ||
| 500 | _aHard Cover | ||
| 942 |
_aNBS _cBK _k346.9082 BAN |
||
| 999 |
_c343571 _d343571 |
||